000 00648nam a22002057a 4500
999 _c1184
_d1184
003 AR-CdUCM
008 190226b ||||| |||| 00| 0 spa d
040 _aMUNICIPALIDAD PROVINCIAL DEL CUSCO
_cBIBLIOTECA MUNICIPAL DEL CUSCO
082 _a374.48 /
_bI35
100 _aIglesias, Luis F.
_94640
245 _aLa escuela rural unitaria /
260 _aBuenos Aires:
_bEds. Pedagógicas,
_c1957.
300 _a235 páginas ;
_bimágenes, fotos, fichas ;
_c23 cm.
505 _aTomo I
650 _aEducación rural
_94641
650 _aEscuelas rurales
_94642
650 _aMetodología
_92264
942 _2ddc
_cLIBROS
945 _araen
_d2019-02-26